书目信息 |
| 题名: |
中国经济增长与环境质量
|
|
| 作者: | 侯伟丽 著 | |
| 分册: | ||
| 出版信息: | 北京 科学出版社 2005 |
|
| 页数: | 232页 | |
| 开本: | 20cm | |
| 丛书名: | 人口、资源与环境经济学丛书 | |
| 单 册: | ||
| 中图分类: | X820.2 | |
| 科图分类: | ||
| 主题词: | 经济增长--影响--环境质量--研究--中国 , 环境质量 | |
| 电子资源: | ||
| ISBN: | 7-03-015465-7 | |
| 000 | 01199oam2 2200277 450 | |
| 001 | 002855410 | |
| 005 | 20070805152104.26 | |
| 010 | @a7-03-015465-7@dCNY28.00 | |
| 100 | @a20050811e20072005em y0chiy0120 ea | |
| 101 | 0 | @achi |
| 102 | @aCN@b110000 | |
| 105 | @aak a 000yy | |
| 106 | @ar | |
| 200 | 1 | @a中国经济增长与环境质量@Azhong guo jing ji zeng zhang yu huan jing zhi liang@f侯伟丽著@Fhou wei li zhu |
| 210 | @a北京@c科学出版社@d2005@h2007重印 | |
| 215 | @a232页@d20cm | |
| 225 | 2 | @a人口、资源与环境经济学丛书@Aren kou、 zi yuan yu huan jing jing ji xue cong shu |
| 300 | @a有书目:第224-232页 | |
| 330 | @a本书由四个部分组成:第一部分对绿色发展的历程进行了回顾,总结分析了前人在经济增长对环质量影响及环境保护的经济成本等方面的研究成果;第二部分对不同类型国家经济增长过程中的环境质量变化规律进行了分析;第三部分对中国1978年以来经济快速增长捏的变化进行了实证分析,第四部分提出中国迈向绿色发展道路的战略思考和对环境政策进行创新的思路。 | |
| 461 | 0 | @12001 @a人口、资源与环境经济学丛书 |
| 606 | 0 | @a经济增长@x影响@x环境质量@x研究@y中国 |
| 606 | 0 | @a环境质量 |
| 690 | @aX820.2@v4 | |
| 701 | 0 | @a侯伟丽@Ahou wei li@4著 |
| 801 | 0 | @aCN@b北京图联@c20070805 |
| 905 | @dX820.2@e118@f5 | |
| 中国经济增长与环境质量/侯伟丽著.-北京:科学出版社,2005(2007重印) |
| 232页;20cm.-(人口、资源与环境经济学丛书) |
| 有书目:第224-232页 |
| ISBN 7-03-015465-7:CNY28.00 |
| 本书由四个部分组成:第一部分对绿色发展的历程进行了回顾,总结分析了前人在经济增长对环质量影响及环境保护的经济成本等方面的研究成果;第二部分对不同类型国家经济增长过程中的环境质量变化规律进行了分析;第三部分对中国1978年以来经济快速增长捏的变化进行了实证分析,第四部分提出中国迈向绿色发展道路的战略思考和对环境政策进行创新的思路。 |
| ● |
| 相关链接 |
|
|
|
|
正题名:中国经济增长与环境质量
索取号:X820.2/118
 
预约/预借
| 序号 | 登录号 | 条形码 | 馆藏地/架位号 | 状态 | 备注 |
| 1 | 0852563 | 208525639 | 第二样本阅览室/ [索取号:X820.2/118] | 在馆 | |
| 2 | 0852564 | 208525648 | 第三借阅区/ [索取号:X820.2/118] | 在馆 | |
| 3 | 0852565 | 208525657 | 第三借阅区/ [索取号:X820.2/118] | 在馆 | |
| 4 | 0852566 | 208525666 | 第三借阅区/ [索取号:X820.2/118] | 在馆 | |
| 5 | 0852567 | 208525675 | 第三借阅区/ [索取号:X820.2/118] | 在馆 |